00987nam a2200229 a 4500001001000000003000500010005001700015008004100032010001100073011001100084040000900095100003100104245021700135260004100352500006000393502010900453650003600562650003000598650002800628650003100656856007000687000113771CHAP20220329144412.0170918s2017 mx a fsm |||||||spa d a110232 a111204 cCHAP1 aSaldivar Arellano, Abigail10aControl químico de maleza de hoja ancha y gramíneas en dos épocas de aplicación en el cultivo de frijol (Phaseolus vulgaris) en Chapingo, Estado de México /h[En línea]cpor Abigail Saldivar Arellano. aChapingo, Méx. :bEl autor,c2017. aPara ver el contenido del material haga clic en la liga aTesis (Ing. Agr. Esp. en Parasitología Agrícola) -- UACH. Departamento de Parasitología Agrícola14aFrijolxMalas hierbasxControl.14aHerbicidasxAplicación.14aMalas hierbasxControl.14aMalas hierbasxHerbicidas. aFinding aiduhttp://10.13.5.2/tesis/sist113771.pdfzTeclea aquí